Spieler des FC Liverpool erraten - Statistiken

Allgemein
  • Dieses Quiz wurde 205 mal gespielt
  • Das Durchschnittsergebnis liegt bei 7 aus 12
Antwortstatistiken
Beschreibung Spieler % Korrekt
blieb in der CL-Saison 2017/18 bis zum Finale ohne Gegentreffer, Tätowierungen an den Armen, wurde vom LFC für zwei Jahre zu Besiktas Istanbul verliehen Loris Karius
91%
unangefochtener Leader auf dem Platz, physisch starker, aber auch athletischer IV, wechselte 2018 von Southampton zum LFC und entwickelte sich dort zum Weltstar Virgil van Dijk
86%
wurde beim FC Barcelona ausgebildet, stand stets im Schatten von Weltstar Xavi Hernandez, seit 2020 beim LFC, siebenfacher deutscher Meister Thiago
80%
erste Profijahre in Europa verbrachte er in den Niederlanden, von 2011 bis 2014 Goalgetter für den LFC, war nach seinem England-Engagement Teil des berüchtigten Sturmtrios MSN Luis Suarez
78%
exzentrischer italienischer Stürmer, galt früher als eines der größten Sturmtalente, schwieriges Verhältnis zu Jose Mourinho, spielte auch für Man. City Mario Balotelli
78%
in Jamaika geborener Flügelflitzer, vor allem zu seiner Zeit bei Man. City einer der besten Offensivspieler weltweit, Stand Dezember 2022 beim FC Chelsea unter Vertrag Raheem Sterling
77%
Ex-Nationalspieler der Türkei, einer der Leistungsträger, als der BVB 2011 die Meisterschaft gewann, wechselte danach zu Real Madrid Nuri Sahin
63%
spielte 2013/14 für den LFC und konnte sich nicht durchsetzen, seit 2015/16 Starspieler von Celta Vigo und auch noch mit weit über 30 einer der besten Stürmer von La Liga Iago Aspas
55%
einer der besten Keeper seines Landes, gewann mit dem LFC 2005 gegen Milan die CL und hatte als Elfmeterkiller großen Anteil daran Jerzy Dudek
55%
estnischer Abwehrspieler, spielte von 2012 bis 2016 für einen deutschen Bundesligisten aus Bayern, aktuell sechsfacher Fußballer des Jahres in seiner Heimat Ragnar Klavan
36%
spielte von 1996 bis 2013 für Liverpool, Vizekapitän hinter Steven Gerrard, konnte in der Nationalmannschaft jedoch nie wirklich Fuß fassen Jamie Carragher
27%
walisischer Linksaußen, der in der U21 bzw. 23 des LFC einen Treffer nach dem anderen erzielte, schoss im WM-Quali-Spiel gegen Österreich 2017 das 1:0-Siegestor, seitdem stockt seine Karriere, aktuell bei Preston North End unter Vertrag Ben Woodburn
7%
Keine übereinstimmenden Quizze gefunden
Verteilung der Resultate
Anzahl Personen mit jedem Resultat
Perzentil nach korrekt beantworteten Fragen
Ihre Resultats-Entwicklung
Sie haben dieses Quiz noch nicht gespielt